000 00599nam a22001937a 4500
999 _c124529
_d124529
005 20211221115029.0
008 211101b ||||| |||| 00| 0 eng d
020 _a9783030443979
040 _cPK-LaUMT
082 _a621.3815
_bBOZ-M
100 _aBozanic, Mladen
245 _aMillimeter-wave integrated circuits :
_bmethodologies for research, design and innovation /
_cby Mladen Bozanic and Saurabh Sinha
260 _aCham, Switzerland :
_bSpringer,
_c2020
300 _a248 p.
650 _aMillimeter waves
650 _aIntegrated circuits
650 _aMicroelectronics
942 _cBK